LEADER 01323nam a2200265 i 4500 001 000000113266 003 CaOOAMICUS 005 20240904122326.0 008 030319s1984 it u000 u ita u 040 $aSeMil$bita 100 0 $aHonorius : Augustodunensis,$c.$0(OLS)http://semarc/name/41632 240 10$aElucidarium sive dialogus de summa totius christianae religionis.$0(OLS)http://semarc/title/450071 245 12$aL'Elucidario :$bvolgarizzamento in antico milanese dell'Elucidarium di Onorio Augustodunense /$ca cura di Mario Degli Innocenti. 264 1$aPadova :$bAntenore,$c1984. 300 $a278 p. ;$c25 cm. 541 0 $aFondo card. C.M. Martini (1B V 80) 650 4$aOnorio : Augustodunense . Elucidarium - Volgarizzamenti.$0(OLS)http://semarc/subject/56237 700 1 $aDegli Innocenti, Mario.$0(OLS)http://semarc/name/1515 850 $aSeMil 852 $aSeMil$W1$xVenegono$y1$m1B V 80$j68969$B68969$CSeMilBibl$Z2$F98098 $81 941 1 $a4 961 $aOmaggio: Martini Card. Carlo Maria 996 $6245$aL'Elucidario :$bvolgarizzamento in antico milanese dell'Elucidarium di Onorio Augustodunense$9(OLS)http://semarc/title/165332 996 $6264$aPadova :$bAntenore$9(OLS)http://semarc/publisher/30160 LEADER 01261nam a2200265 i 4500 001 000000207684 003 CaOOAMICUS 005 20260327093059.0 008 111103s1993 it u000 u ita u 013 $a186467 040 $aSeMil$bita 100 1 $aRomani, Felice.$0(OLS)http://semarc/name/12156 245 10$aBeatrice di Tenda :$btragedia lirica in due atti /$clibretto di Felice Romani ; musica di Vincenzo Bellini. 260 $aMilano :$bEdizioni del Teatro alla Scala,$c1993. 300 $a135 p. :$bill. ;$c27 cm. 650 4$aOpera in musica - Testi.$0(OLS)http://semarc/subject/38309 650 4$aMelodramma - Testi.$0(OLS)http://semarc/subject/10519 700 1 $aBellini, Vincenzo,$d<1801-1835>.$0(OLS)http://semarc/name/72020 773 0 $aTeatro alla Scala $tStagione d'opera e balletto 1992-93.$dMilano : Edizioni del Teatro alla Scala, 1992-1993.$g3$w()25449 850 $aSeMil 852 $aSeMil$W1$xVenegono$y1$m3Q V 69$j158143$B158143$CSeMilBibl$Z2$F171182 $81 961 $aLascito: Barbarisi Gennaro 996 $6245$aBeatrice di Tenda :$btragedia lirica in due atti$9(OLS)http://semarc/title/300310 996 $6260$aMilano :$bEdizioni del Teatro alla Scala$9(OLS)http://semarc/publisher/36461